| Поле | Инд. | ПП | Название | Значение |
|---|---|---|---|---|
| Тип записи | a | |||
| Библиографический уровень | b | |||
| 001 | Контрольный номер | RU/IS/BASE/264553958 | ||
| 005 | Дата корректировки | 20200615080143.9 | ||
| 008 | Кодируемые данные | 19970521 | ||
| 084 | a | Индекс другой классификации/Индекс ББК | 63.3(2)632-64ю11 | |
| 097 | 00 | a | 750 | |
| 245 | 10 | a | Заглавие | Как решались "вопросы Венгрии" |
| b | Продолж. заглавия | Рабочие записи заседаний Президиума ЦК КПСС. Июль-ноябрь 1956 г. | ||
| c | Ответственность | Подгот. текста В. Т. Середы [и др.] | ||
| 504 | 00 | a | Библиография | Примеч. - Коммент. |
| 520 | 00 | a | Аннотация | Рабочую запись вел В.Н. Малин. На заседаниях присутствовали: Булганин, Ворошилов, Каганович, Маленков, Микоян, Молотов, Первухин, Сабуров, Суслов, Хрущев, Шепилов, Беляев, Поспелов, Брежнев, Жуков, Фурцева, Серов, Юдин, Шверник, Зорин. Изложение некоторых моментов Декларации Правительства СССР об основах развития и дальнейшего укрепления дружбы и сотрудничества между СССР и другими социалистическими странами (октябрь 1956 г.) |
| 600 | a | Персоналии | Андропов Юрий Владимирович | |
| a | Персоналии | Гере Эрне | ||
| a | Персоналии | Кадар Янош | ||
| a | Персоналии | Надь Имре | ||
| a | Персоналии | Санто Золтан | ||
| 650 | a | Основная рубрика | история | |
| a | Основная рубрика | международные отношения | ||
| 653 | 00 | a | Ключевые слова | Будапешт |
| a | Ключевые слова | Венгерская Социалистическая Рабочая партия | ||
| a | Ключевые слова | Венгрия | ||
| a | Ключевые слова | Коммунистическая партия Советского Союза (КПСС) | ||
| a | Ключевые слова | Россия | ||
| a | Ключевые слова | СССР | ||
| a | Ключевые слова | Центральный Комитет КПСС | ||
| 700 | 10 | a | Автор | Середа В. Т. |
| e | Роль лиц | автор подготовки текста | ||
| 700 | 10 | a | Автор | Мельчин С. А. |
| e | Роль лиц | автор подготовки текста | ||
| 700 | 10 | a | Автор | Орехова Е. Д. |
| e | Роль лиц | автор подготовки текста | ||
| 773 | 00 | t | Заглавие источника | Исторический архив |
| d | Дата издания источника | 1996 | ||
| g | Прочая информация | № 2. - С. 73 - 104 | ||
| w | Контрольный № источника | RU/IS/BASE/142005402 | ||
| 901 | t | Тип документа | b |